MARC

LEADER 00000nam0a2200000 4500
001 332040
005 20231102004421.0
035 |a (RuTPU)RU\TPU\book\357939 
035 |a RU\TPU\book\357938 
090 |a 332040 
100 |a 20170515d1979 k y0rusy50 ca 
101 0 |a rus 
102 |a RU 
105 |a a z 001zy 
200 1 |a Исследование и применение прямых методов поисков и разведки полезных ископаемых  |e сборник научных трудов  |f Всесоюзный научно-исследовательский институт методики и техники разведки (ВИТР) ; науч. ред. Ю. С. Рысс 
210 |a Ленинград  |c Изд-во ВИТР  |d 1979 
215 |a 84, 2 с.  |c ил. 
225 1 |a Методика и техника разведки  |v № 127 
320 |a Библиогр. в конце работ 
606 1 |a Рудные месторождения  |x Поиски и разведка  |2 stltpush  |3 (RuTPU)RU\TPU\subj\25956  |9 49987 
610 1 |a исследование 
610 1 |a применение 
610 1 |a геофизические аномалии 
610 1 |a прямые методы 
610 1 |a минеральный состав 
610 1 |a оценка 
610 1 |a магнетитовые месторождения 
610 1 |a Казахстан 
610 1 |a оловорудные месторождения 
610 1 |a вольфрамовые месторождения 
610 1 |a колчеданное рудообразование 
610 1 |a электрохимические методы 
610 1 |a геолого-геофизические методы 
675 |a 553.3/.4:550.8  |v 4 
702 1 |a Рысс  |b Ю. С.  |4 340 
712 0 2 |a Всесоюзный научно-исследовательский институт методики и техники разведки (ВИТР)  |2 stltpush  |3 (RuTPU)RU\TPU\col\6027 
801 1 |a RU  |b 63413507  |c 20170515 
801 2 |a RU  |b 63413507  |c 20170621  |g RCR 
942 |c BK